000 00748nam a2200193Ii 4500
003 JO-AjNU
008 230605s9999||||xx |||||||||||||| ||und||
040 _aJO-AjNU
_bara
_erda
_cJO-AjNU
041 _aara
050 1 4 _aPJ7805.R2.Z52 2004
100 3 _aإعداد وتقديم أبو لبن، زياد,
_eauthor
_949566
245 0 0 _aفضاء المتخيل ورؤيا النقد: قراءات في شعر عبدالله رضوان ونقده
264 3 1 _aعمان:دار الينابيع،2004
300 _a343ص
336 _atext
_btxt
_2rdacontent
337 _aunmediated
_bn
_2rdamedia
338 _avolume
_bnc
_2rdacarrier
650 4 _a الشعر العربي - القرن العشرون - الأردن - تاريخ ونقد
_949567
999 _aA21778
_c25346
_d25346